Georg Friedrich Händel : Sein Leben - Sein Werk. III. Band, Von Händel Innerer Neuorientierung Bis zum Abschluss des "Samson" (1738-1743) /
Uložené v:
| Hlavný autor: | |
|---|---|
| Médium: | Kniha |
| Jazyk: | German |
| Vydané: |
Kassel :
Bärenreiter,
[1956].
|
| Vydanie: | 1. Aufl. |
| ISBN: |
(viaz.) |
| Fyzický popis: |
947 s. ; 24 cm. |
| Tagy: |
Pridať tag
Žiadne tagy, Buďte prvý kto otaguje tento záznam!
|
Titul je dostupný aj v ... 

MARC
| LEADER | 00000nam a2200000 a 4500 | ||
|---|---|---|---|
| 001 | 000470721 | ||
| 005 | 20150524140744.0 | ||
| 008 | 980101s1956 gw e 000 0 ger d | ||
| 020 | |a (viaz.) |c Kčs 193,90 | ||
| 040 | |a SVKKK |b slo |c SVKKK |e AACR2 | ||
| 041 | 0 | |a ger | |
| 044 | |a gw |c DE | ||
| 100 | 1 | |a Serauky, Walter, |d 1903-1959 | |
| 245 | 1 | 0 | |a Georg Friedrich Händel : |b Sein Leben - Sein Werk. |n III. Band, |p Von Händel Innerer Neuorientierung Bis zum Abschluss des "Samson" (1738-1743) / |c Walter Serauky. |
| 246 | 3 | 0 | |a Von Händel Innerer Neuorientierung Bis zum Abschluss des "Samson" (1738-1743) |
| 250 | |a 1. Aufl. | ||
| 260 | |a Kassel : |b Bärenreiter, |c [1956]. | ||
| 300 | |a 947 s. ; |c 24 cm. | ||
| 910 | |a svkkk | ||
| 998 | |a BK | ||
| 090 | |g SCKHL |k Sklad Pribinova 1. posch. |a IV.21168 |j 184991 |i 470721-10 |s Prezenčne | ||